000 00721nam a2200193 a 4500
001 000035141
005 20200930074130.0
008 111025s1944 000 spa d
082 _aR103
_bR815n
100 1 _aRosental, Mark Moiseevich
_960842
245 1 0 _aNuevo diccionario filosofico de la URSS. /
_cM. M. Rosental y P. F Iudin ; traducción del ruso Rafael Bolotin.
260 _aMontevideo :
_bEdiciones Pueblos Unidos,
_c1944.
500 _aTítulo original en ruso.
590 _aPerteneció a la biblioteca personal de Juan Isidro Jimenes Grullón
650 4 _aFilosofía
_vDICCIONARIO
_960843
700 _aBolotin, Rafael,
_etr.
_960844
910 _aValidado. Control de calidad BNPHU
999 _c34632
_d34632
040 _aDO-SdBNP